Где ты, отзовись | Мы сегодня разстались съ тобой (Запись № 13283723)

Подробности
000 -МАРКЕР
контрольное поле 01618njm0a2200361 4500
001 - ИДЕНТИФИКАТОР ЗАПИСИ
контрольное поле RU\NLR\ONIZ\224328
005 - ИДЕНТИФИКАТОР ВЕРСИИ
контрольное поле 20250708192908.0
035 ## - ДРУГИЕ СИСТЕМНЫЕ НОМЕРА
Идентификатор записи (NLR Aleph) 011903400
035 ## - ДРУГИЕ СИСТЕМНЫЕ НОМЕРА
Идентификатор записи RU\NLR\ONIZ\GALA\5000033581\20181031101616
071 00 - ИЗДАТЕЛЬСКИЙ НОМЕР
Номер, присвоенный агентством 222276-77
100 ## - ДАННЫЕ ОБЩЕЙ ОБРАБОТКИ
Данные общей обработки 20181031f19001999|||y0rusy50 ca
102 ## - СТРАНА ПУБЛИКАЦИИ ИЛИ ПРОИЗВОДСТВА
Страна публикации Российская Федерация
135 ## - ПОЛЕ КОДИРОВАННЫХ ДАННЫХ: ЭЛЕКТРОННЫЕ РЕСУРСЫ
Кодированные данные для электронного ресурса honoannnanndn
200 1# - ЗАГЛАВИЕ И СВЕДЕНИЯ ОБ ОТВЕТСТВЕННОСТИ
Основное заглавие Где ты, отзовись
Общее обозначение материала Звукозапись
Основное заглавие Мы сегодня разстались съ тобой
Первые сведения об ответственности [Л.Я.] Дризо
Последующие сведения об ответственности [авт. сл. В. В. Верещагин (1)]
-- исполн.: Ю. Морфесси [баритон]
210 ## - ПУБЛИКАЦИЯ, РАСПРОСТРАНЕНИЕ И ДР.
Место издания, распространения и т.д. Рига
Имя издателя, распространителя и т. д. Amour Gramophone record
Дата издания, распространения и т.д. [19--]
215 ## - ФИЗИЧЕСКАЯ ХАРАКТЕРИСТИКА
Специфическое обозначение материала и объем 1 грп.(12 мин): 78 об/мин, моно; 25 см, в конв.
606 1# - НАИМЕНОВАНИЕ ТЕМЫ КАК ПРЕДМЕТ
Наименование темы Старинные русские романсы
Тематический подзаголовок Звукозапись
Географический подзаголовок Россия
Хронологический подзаголовок 19-20 вв.
Код системы nlr_sh
686 ## - ИНДЕКСЫ ДРУГИХ КЛАССИФИКАЦИЙ
Индекс Щ943.2-043.3я44(28)
Издание LBC/SL
Код системы
700 #1 - ИМЯ ЛИЦА - ПЕРВИЧНАЯ ОТВЕТСТВЕННОСТЬ
Системный номер авторитетной/нормативной записи z05790
Начальный элемент ввода Дризо
Часть имени, кроме начального элемента ввода Л. Я.
Даты 1880- ?
Расширение инициалов личного имени Лев Яковлевич
Код отношения Композитор
Графика поля Кириллица
702 #1 - ИМЯ ЛИЦА - ВТОРИЧНАЯ ОТВЕТСТВЕННОСТЬ
Системный номер авторитетной/нормативной записи z08790
Начальный элемент ввода Морфесси
Часть имени, кроме начального элемента ввода Ю. С.
Даты 1882-1957
Расширение инициалов личного имени Юрий Спиридонович
Код отношения Исполнитель
Графика поля Кириллица
702 #1 - ИМЯ ЛИЦА - ВТОРИЧНАЯ ОТВЕТСТВЕННОСТЬ
Начальный элемент ввода Верещагин
Часть имени, кроме начального элемента ввода В. В.
Дополнения к именам, кроме дат художник
Даты 1842-1904
Расширение инициалов личного имени Василий Васильевич
Код отношения Карикатурист, Художник
Графика поля Кириллица
790 #1 - ИМЯ ЛИЦА - АЛЬТЕРНАТИВНАЯ ФОРМА
Системный номер авторитетной/нормативной записи z05700
Начальный элемент ввода Drizo
Часть имени, кроме начального элемента ввода L.
Даты 1880-?
Расширение инициалов личного имени Lev
Код отношения Композитор
Графика поля Латинская
790 #1 - ИМЯ ЛИЦА - АЛЬТЕРНАТИВНАЯ ФОРМА
Системный номер авторитетной/нормативной записи z08702
Начальный элемент ввода Morfessi
Часть имени, кроме начального элемента ввода Yu.
Даты 1882-1957
Расширение инициалов личного имени Yuriy
Код отношения Исполнитель
Графика поля Латинская
801 #0 - ИСТОЧНИК ЗАПИСИ
Страна Российская Федерация
Организация NLR
Дата составления 20181031
Правила каталогизации PSBO
801 #1 - ИСТОЧНИК ЗАПИСИ
Страна Российская Федерация
Организация NLR
Дата составления 20181031
Источник данных rusmarc
801 #2 - ИСТОЧНИК ЗАПИСИ
Страна Российская Федерация
Организация NLR
Дата составления 20181031
852 ## - МЕСТОНАХОЖДЕНИЕ И ШИФР ХРАНЕНИЯ
Идентификатор организации NLR
Наименование фонда или коллекции (Sub-Location Identifier) Мг
Шифр хранения (Call Number) 2к/2797
Страна
Номер экземпляра 1
942 ## - ДОПОЛНИТЕЛЬНЫЕ ЭЛЕМЕНТЫ ЗАПИСИ (АБИС)
Тип экземпляра АБИС Звукозапись
980 ## - КОЛЛЕКЦИЯ
Название коллекции Национальная библиография
980 ## - КОЛЛЕКЦИЯ
Название коллекции Отдел нот и звукозаписей
Экземпляры
Тип экземпляра Дата поступления Библиотека постоянного хранения Библиотека текущего хранения Место хранения Шифр хранения Статус экземпляра
Звукозапись 31.10.2018 РНБ (Московский) РНБ (Московский) Фонд нот и звукозаписей 2к/2797 2к/2797